LEADER 01445nam a2200289 i 4500 001 000000171320 003 CaOOAMICUS 005 20220530100656.0 008 080426s1943 it u000 u mul u 013 $a148751 040 $aSeMil$bita 100 1 $aShakespeare, William,$d<1564-1616>.$0(OLS)http://semarc/name/1186 240 12$aA midsummer night's dream.$0(OLS)http://semarc/title/440104 245 10$aSogno d'una notte d'estate /$cW. Shakespeare ; versione col testo a fronte di Giulia Celenza ; introduzione e note di G.N. Giordano Orsini e un profilo di Giulia Celenza di Mario Praz. 264 1$aFirenze :$bSansoni,$c1943. 300 $aXXXIII, 233 p. ;$c17 cm. 490 1 $aBiblioteca sansoniana straniera ;$v73 650 4$aShakespeare, William <1564-1616> - Opere.$0(OLS)http://semarc/subject/3624 700 1 $aPraz, Mario,$d<1896-1982>.$0(OLS)http://semarc/name/89995 700 1 $aOrsini, Gian Napoleone Giordano,$d<1903-1976>.$0(OLS)http://semarc/name/36990 700 1 $aCelenza, Giulia,$d<1882-1933>.$0(OLS)http://semarc/name/61428 830 0$aBiblioteca sansoniana straniera ;$v73.$0(OLS)http://semarc/title/19727 850 $aSeMil 852 $aSeMil$W1$xVenegono$y1$m1W I 73$j122189$B122189$CSeMilBibl$Z2$F133516 $81 996 $6245$aSogno d'una notte d'estate$9(OLS)http://semarc/title/245067 996 $6264$aFirenze :$bSansoni$9(OLS)http://semarc/publisher/29843 LEADER 00961nam a2200229 i 4500 001 000000054812 003 CaOOAMICUS 005 19970606000000.0 008 970606n it u000 u mul u 013 $a25984 020 $a8831191942 040 $aSeMil$bita 245 10$aSermoni (1-62 bis) 700 1 $aBanterle, Gabriele.$0(OLS)http://semarc/name/15736 700 1 $aBenericetti, Ruggero.$0(OLS)http://semarc/name/27376 700 0 $aPetrus : Chrysologus,$c.$0(OLS)http://semarc/name/1211 773 0 $aPetrus : Chrysologus $tScrittori dell'area santambrosiana.$dMilano : Biblioteca Ambrosiana : Cittą Nuova, 1996-1997.$g1$w()1491 850 $aSeMil 852 $aSeMil$W1$xVenegono$y1$mSL1.V V 32$j20966$B20966$CSeMilBibl$Z2$F20968 $8I 961 $aSottoscrizione: Cittą Nuova (Agente) 996 $6020$a8831191942$9(OLS)http://semarc/number/29778 996 $6245$aSermoni (1-62 bis)$9(OLS)http://semarc/title/84938